Statistics for Capitals Of Countries That Begin With 'K'

Click here to take the quiz!

General Stats

  • This quiz has been taken 28 times
  • The average score is 5 of 6

Answer Stats

Answer% Correct
Nairobi(Kenya)
92%
Nur-Sultan(Kazakhstan)
88%
Kuwait City(Kuwait)
85%
Bishkek(Kyrgyzstan)
81%
Pristina(Kosovo)
77%
Tarawa(Kiribati)
50%

Score Distribution

Percentile by Number Answered

Percent of People with Each Score

Your Score History

You have not taken this quiz